LEADER 01074nam0 2200325 450 001 000021787 005 20090119125948.0 010 $a0333449185$bvol. 1 010 $a0333449193$bvol. 2 100 $a20090119g19881989km-y0itay50------ba 101 0 $aeng 102 $aGB 105 $ay-------001yy 200 1 $aRecollections of eminent economists$fedited by J. A. Kregel$gforeword by Nerio Nesi 210 $aLondon$cMacmillan press$d1988-1989 215 $a2 v.$d22 cm 500 10$aRecollections of eminent economists$960447 610 1 $aEconomisti$aBiografie 610 1 $aEconomisti$aSec. 20. 610 1 $aEconomia$aStoria$aSec. 20. 676 $a330.0922$v19$9Economia. Trattazione di raccolte 676 $a330.0922$v20$9Economia. Trattazione di raccolte 702 1$aKregel,$bJan Allen$4070 702 1$aNesi,$bNerio$4070 801 0$aIT$bUNIPARTHENOPE$c20090119$gRICA$2UNIMARC 912 $a000021787 951 $a030/14$b6773$cNAVA2 951 $a023/166$b6659$cNAVA2 996 $aRecollections of eminent economists$960447 997 $aUNIPARTHENOPE LEADER 01383cam0 22002891 450 001 SOBE00059683 005 20181002080307.0 012 $aiste 6.i. cao- Vis* (3) 1534 (R) 100 $a20180626d1534 |||||ita|0103 ba 101 $alat$agrc 102 $aIT 200 1 $aGulielmi Budei consiliarii regii, libellorumque magistri in prętorio, Altera ęditio annotationum in Pandectis. Ex libro quadragesimo septimo digest 210 $aVenetiis$c[Ottaviano Scoto il giovane]$d1534 215 $a[8], 104 carte$d8° 300 $aSegnatura: a8 A-N8 620 $dVenezia$9SOBA00017195 700 1$aBudé$b, Guillaume$3SOBA00016929$4070$0384799 712 02$a*Scoto, *Ottaviano <2.>$3SOBA00017008$4650 801 0$aIT$bBEM$c20181002$gRICA 850 $aBEM 852 $aBEM$jVII.A$m00117 912 $aSOBE00059683 940 $aM 103 Monografia antica SBN 941 $aM 957 $xPagliara|R$aVII.A$b00028b$gNO$cPR$d00117$hPagliaraR$rDono$1tcalvano$2BEM$3BEM$420180626093108.0$520180629115248.0$6tcalvano$fRilegato con Annotationes Gulielmi Budaei Parisiensis, secretarij regij, in quatuor & viginti Pandectarum libros per autorem diligentissime recognitae & auctae, Basileae, 1534 996 $aGulielmi Budei consiliarii regii, libellorumque magistri in prętorio, Altera ęditio annotationum in Pandectis. Ex libro quadragesimo septimo digest$91729782 997 $aUNISOB LEADER 01926nas 22005893 450 001 996209725003316 005 20221226231113.0 035 $a(OCoLC)608385253 035 $a(CKB)954928610182 035 $a(CONSER)--2019202438 035 $a(MiAaPQ)49213 035 $a(EXLCZ)99954928610182 100 $a20100420a19899999 --- a 101 0 $aeng 135 $aur||||||||||| 181 $ctxt$2rdacontent 182 $cc$2rdamedia 183 $acr$2rdacarrier 200 00$aLaser focus world 210 1$a[Tulsa, OK] :$c[PennWell Pub. Co.],$d[1989]- 210 31$aNashua, NH :$cEndeavor Business Media, LLC 300 $aEach issue has also a distinctive title. 300 $aIncludes: Fiberoptics world, as a separate section within each issue, 1989- ; Optoelectronics world, as a separate section in some issues, 1998- ; BioOptics world, 300 $aRefereed/Peer-reviewed 311 $a1043-8092 330 $a"Global electro-optic technology and markets." "Photonics technologies & solutions for technical professionals worldwide." 606 $aLasers$vPeriodicals 606 $aElectrooptics$vPeriodicals 606 $aFiber optics$vPeriodicals 606 $aOptical Fibers 606 $aFiber Optic Technology 606 $aLasers 606 $aElectrooptics$2fast$3(OCoLC)fst00907678 606 $aFiber optics$2fast$3(OCoLC)fst00923576 606 $aLasers$2fast$3(OCoLC)fst00992842 608 $aPeriodical. 608 $aPeriodicals.$2fast 615 0$aLasers 615 0$aElectrooptics 615 0$aFiber optics 615 2$aOptical Fibers 615 2$aFiber Optic Technology. 615 2$aLasers. 615 7$aElectrooptics. 615 7$aFiber optics. 615 7$aLasers. 676 $a621.366 676 $a621.36/6 906 $aJOURNAL 912 $a996209725003316 996 $aLaser focus world$9791244 997 $aUNISA